Entry Personal Name
Number of records used in: 1
001 - CONTROL NUMBER
003 - CONTROL NUMBER IDENTIFIER
005 - DATE AND TIME OF LATEST TRANSACTION
- control field:
20221029112509.0
008 - FIXED-LENGTH DATA ELEMENTS
- fixed length control field:
880811n| azannaabn |a aaa c
010 ## - LIBRARY OF CONGRESS CONTROL NUMBER
- LC control number:
nr 88007547
- Canceled/invalid LC control number:
n 2011044113
035 ## - SYSTEM CONTROL NUMBER
- System control number:
(OCoLC)oca02340314
040 ## - CATALOGING SOURCE
- Original cataloging agency:
NjP
- Language of cataloging:
eng
- Transcribing agency:
NjP
- Modifying agency:
DLC
- Modifying agency:
Uk
- Description conventions:
rda
- Modifying agency:
DNLM
- Modifying agency:
DLC
046 ## - SPECIAL CODED DATES
100 1# - HEADING--PERSONAL NAME
- Personal name:
Brown, T. A.
- Fuller form of name:
(Terence A.)
378 ## - FULLER FORM OF PERSONAL NAME
- Fuller form of personal name:
Terence Austen
400 1# - SEE FROM TRACING--PERSONAL NAME
- Personal name:
Brown, Terence A.
400 1# - SEE FROM TRACING--PERSONAL NAME
- Personal name:
Brown, Terry
400 1# - SEE FROM TRACING--PERSONAL NAME
- Personal name:
Brown, Terry A.
670 ## - SOURCE DATA FOUND
- Source citation:
His Gene cloning, 1986:
- Information found:
t.p. (T.A. Brown, Univ. of Manchester Inst. of Sci. & Technol.) cover p. 4 (Dr. Terence Brown, lecturer in the Dept. of Biochemistry and Applied Molecular Biology)
670 ## - SOURCE DATA FOUND
- Source citation:
Molecular biology labfax, 1998:
- Information found:
CIP t.p. (Dr. Terry Brown, Dept. of Biomolecular Sciences, UMIST, Manchester, Eng.)
670 ## - SOURCE DATA FOUND
- Source citation:
Genomes, c1999:
- Information found:
CIP t.p. (T.A. Brown, Univ. of Manchester Institute of Science and Technology, Manchester, UK) pub. info. (Terence Austen Brown)
670 ## - SOURCE DATA FOUND
- Source citation:
Gene cloning and DNA analysis, 2001:
- Information found:
CIP t.p. (Terry A. Brown, Dept. of Biomolecular Sciences, VMIST, Manchester)
670 ## - SOURCE DATA FOUND
- Source citation:
BL auth. fiche, Sept. 1990
- Information found:
(Terence Austen Brown, born 29 Nov. 1953)
670 ## - SOURCE DATA FOUND
- Source citation:
Introduction to genetics, 2012:
- Information found:
ECIP t.p. (Terry Brown)